=LDR 00000nam 2200000 4500 =001 INLIS000000000007307 =005 20200825102109 =035 ##$$a 0010-061300000007307 =008 200825################g##########0#ind## =041 ##$$a Ind =082 ##$$a 2x0.575 =090 ##$$a 2x0.575, Evo e =245 1#$$a Evolusi manusia dan konsepsi Islam, /$c Prof. Dr. T. Yacob MS. MD. .. [et al.] =260 ##$$a Bandung :$b Gema Risalah Press Bandung,$c 1992 =300 ##$$a iii, 134 hlm ; $c 20 x 15 cm =650 #4$$a Islam =700 #$$a Yacob, T =084 ##$$a 2x0.575 EVO e =100 #$$a Evolusi manusia dan konsepsi Islam, =990 ##$$a 103.129/Pro-96